|
|
|
|
| LEADER |
00740nam a2200217 i 4500 |
| 001 |
c000258842 |
| 003 |
CARM |
| 005 |
00000000000000.0 |
| 008 |
840311s1971 enk 0 eng d |
| 019 |
1 |
|
|a 430928
|5 LACONCORD2021
|
| 020 |
|
|
|a 0198253044
|
| 035 |
|
|
|a (OCoLC)281788
|5 LACONCORD2021
|
| 082 |
0 |
4 |
|a 328.4207452
|
| 100 |
1 |
|
|a Stacey, Frank A.
|
| 245 |
1 |
4 |
|a The British ombudsman.
|
| 260 |
|
|
|a Oxford :
|b Clarendon Press,
|c 1971.
|
| 300 |
|
|
|a 351 p. ;
|c 23 cm.
|
| 650 |
|
0 |
|a Ombudsman
|z Great Britain.
|
| 852 |
8 |
|
|b CARM
|h A2:AQ17G0
|i B07662
|p 0337850
|f BK
|
| 999 |
f |
f |
|i e57e6ef1-8f08-51e0-b63b-e402755ca5ec
|s 88e87701-992a-52ab-b788-f3c2f7fefe07
|
| 952 |
f |
f |
|p Can circulate
|a CAVAL
|b CAVAL
|c CAVAL
|d CARM 1 Store
|e B07662
|f A2:AQ17G0
|h Other scheme
|i book
|m 0337850
|